000 00324nam a2200133Ia 4500
005 20251222144634.0
008 251222s9999||||xx |||||||||||||| ||spa||
020 _a950-22-0408-5
082 _a783.043/R84
100 _aRose, Nino De
245 0 _aLa Voz y la Música Popular:
264 _bRicordi Americana
942 _cLIB
999 _c16430
_d16430